De los hijos de Herodes a la segunda guerra judía
Shranjeno v:
| Glavni avtor: | |
|---|---|
| Format: | Knjiga |
| Jezik: | španščina |
| Izdano: |
Pamplona
Verbo Divino
2009
|
| Izdaja: | 1a. ed |
| Serija: | Cuadernos Bíblicos, 144
|
| Teme: | |
| Oznake: |
Označite
Brez oznak, prvi označite!
|
MARC
| LEADER | 00000cam a2200000 a 4500 | ||
|---|---|---|---|
| 001 | UCD4395 | ||
| 003 | CL-VaPUC | ||
| 008 | 160708e20090000sp |||||||||||||||||spa|d | ||
| 020 | |a 9788481699777 | ||
| 082 | 0 | 4 | |a 224.997 |b TAS |2 21 |
| 100 | 0 | |a Tassin, Claude |e author |9 588055 | |
| 245 | 1 | 0 | |a De los hijos de Herodes a la segunda guerra judía |
| 250 | |a 1a. ed | ||
| 300 | |a 52 p | ||
| 942 | |c BK | ||
| 945 | |d 20160708 23:22:00 |a dcastane | ||
| 260 | |a Pamplona |b Verbo Divino |c 2009 | ||
| 650 | 0 | |a Biblia |9 257603 | |
| 650 | 0 | |a Antiguo testamento |9 313678 | |
| 650 | 0 | |a Libros proféticos |9 400141 | |
| 650 | 7 | |a MACABEOS |2 CL-VaPUC |9 485758 | |
| 650 | 7 | |a REINADO DE HERODES |2 CL-VaPUC |9 545507 | |
| 583 | |a last modification |c 20160708 23:22:00 |k Rodrigo Vera | ||
| 490 | 0 | |a Cuadernos Bíblicos, 144 | |
| 999 | |c 365293 |d 365291 | ||
| 952 | |0 0 |1 0 |3 erb |4 0 |6 224_997000000000000_TAS_2009 |7 0 |8 A |9 479089 |a BIBTEO |b BIBTEO |i 5296064 |o 224.997 TAS 2009 |p 5296064 |r 2025-01-17 |w 2019-11-24 |y BK |z Catalogado en:20160708 |k ICR | ||